[Event "Pfarrkirchen Rottal op 2nd"]
[Site "Pfarrkirchen"]
[Date "2018.04.02"]
[Round "7"]
[White "Pappenheim, Rainer"]
[Black "Goerke, Joachim"]
[Result "1-0"]
[WhiteElo "2029"]
[BlackElo "2120"]
[PlyCount "81"]
[EventDate "2018.03.30"]
[EventType "swiss"]
[EventRounds "7"]
[EventCountry "GER"]
[SourceTitle "CBM 183 Extra"]
[Source "ChessBase"]
[SourceDate "2018.04.19"]
[SourceVersion "1"]
[SourceVersionDate "2018.04.19"]
[SourceQuality "1"]

1. d4 f5 2. c4 Nf6 3. g3 e6 4. Bg2 Be7 5. Nc3 0-0 6. Nh3 Qe8 7. 0-0 h6 8. Nf4 g5 9. Nd3 d6 10. e4 fxe4 11. Nxe4 Nbd7 12. b3 Nxe4 13. Bxe4 Nf6 14. Bg2 Qg6 15. f4 g4 16. Qe2 Qg7 17. Bb2 d5 18. Rae1 Re8 19. Qc2 c6 20. Ne5 Qh7 21. Qd2 Qf5 22. Rf2 h5 23. Qc1 Bb4 24. Re3 Rf8 25. Bf1 Qh7 26. Bd3 Qg7 27. Qf1 Nd7 28. Nxd7 Bxd7 29. Re5 Be7 30. Ba3 Bf6 31. Bxf8 Rxf8 32. Rfe2 Bxe5 33. Rxe5 Kf7 34. Qe1 Qf6 35. Qa5 h4 36. Qc7 Ke7 37. cxd5 cxd5 38. Bb5 Rd8 39. f5 Ke8 40. Rxe6+ Qxe6 41. fxe6 1-0

[Event "Pfarrkirchen Rottal op 2nd"]
[Site "Pfarrkirchen"]
[Date "2018.03.31"]
[Round "3"]
[White "Huber, Herbert"]
[Black "Goerke, Joachim"]
[Result "1/2-1/2"]
[WhiteElo "1779"]
[BlackElo "2120"]
[PlyCount "76"]
[EventDate "2018.03.30"]
[EventType "swiss"]
[EventRounds "7"]
[EventCountry "GER"]
[SourceTitle "CBM 183 Extra"]
[Source "ChessBase"]
[SourceDate "2018.04.19"]
[SourceVersion "1"]
[SourceVersionDate "2018.04.19"]
[SourceQuality "1"]

1. d4 d5 2. c4 e6 3. Nc3 Nf6 4. Bg5 Nbd7 5. e3 c6 6. Nf3 Qa5 7. cxd5 exd5 8. Nd2 Bb4 9. Qc2 0-0 10. Be2 Ne4 11. Ndxe4 dxe4 12. Bf4 Nf6 13. 0-0 Bxc3 14. bxc3 Nd5 15. Qxe4 Nxc3 16. Qc2 Bf5 17. Bd3 Bxd3 18. Qxd3 Nd5 19. Be5 f6 20. Bg3 f5 21. Qb3 Rf7 22. Be5 Qc3 23. Rab1 a5 24. Rfc1 Qxb3 25. Rxb3 a4 26. Rb2 Ra6 27. Kf1 Rd7 28. Ke2 b5 29. a3 Rb7 30. Bd6 Kf7 31. f3 Ke6 32. Bc5 f4 33. e4 Ne3 34. d5+ cxd5 35. Bxe3 fxe3 36. Kxe3 dxe4 37. Kxe4 Rab6 38. Rb4 h5 1/2-1/2

[Event "Solingen Karneval op"]
[Site "Solingen"]
[Date "2017.02.26"]
[Round "4"]
[White "Goerke, Joachim"]
[Black "Kutzner, Joachim"]
[Result "1/2-1/2"]
[WhiteElo "2075"]
[BlackElo "2043"]
[PlyCount "152"]
[EventDate "2017.02.24"]
[EventType "swiss"]
[EventRounds "5"]
[EventCountry "GER"]
[SourceTitle "EXT 2018"]
[Source "ChessBase"]
[SourceDate "2017.10.13"]
[SourceVersion "1"]
[SourceVersionDate "2017.10.13"]
[SourceQuality "1"]

1. e4 e6 2. d3 d5 3. Nd2 c5 4. g3 Nf6 5. Bg2 Nc6 6. f4 h5 7. Ngf3 Ng4 8. Qe2 Nb4 9. Nb1 dxe4 10. dxe4 b6 11. 0-0 Ba6 12. c4 Qd3 13. Qxd3 Nxd3 14. Na3 Be7 15. h3 Nxc1 16. Rfxc1 Nh6 17. Nb5 Bxb5 18. cxb5 0-0-0 19. Ne5 Bf6 20. b4 Bxe5 21. fxe5 Rd3 22. bxc5 bxc5 23. Rxc5+ Kb8 24. Rac1 Rxg3 25. a4 Rd8 26. a5 h4 27. Kh2 g5 28. R1c3 Rgd3 29. Rc8+ Rxc8 30. Rxd3 g4 31. Rd7 Rc1 32. hxg4 Nxg4+ 33. Kh3 Nxe5 34. Rd8+ Kc7 35. Ra8 Kb7 36. Re8 Rb1 37. Re7+ Kb8 38. Re8+ Kc7 39. Re7+ Kd6 40. Rxa7 Rxb5 41. a6 Ra5 42. Bf1 Ra1 43. Bb5 Kc5 44. Be8 Rh1+ 45. Kg2 Ra1 46. Kh3 Kd4 47. Kxh4 f6 48. Bb5 Kxe4 49. Kg3 f5 50. Re7 f4+ 51. Kh3 Ra3+ 52. Kh2 Nf3+ 53. Kg2 Ra2+ 54. Kf1 Nd4 55. Bc4 Ra1+ 56. Kf2 e5 57. a7 Nc6 58. Rd7 Nxa7 59. Bd5+ Kf5 60. Rf7+ Kg6 61. Re7 Kf6 62. Rf7+ Kg5 63. Rg7+ Kh6 64. Re7 Nb5 65. Re6+ Kg5 66. Rxe5+ Kf6 67. Re6+ Kf5 68. Re8 Nc3 69. Be6+ Kf6 70. Bc4 Nd1+ 71. Kf3 Ne3 72. Re4 Kg5 73. Re5+ Nf5 74. Bd3 Ra3 75. Rxf5+ Kg6 76. Ra5+ Rxd3+ 1/2-1/2

[Event "Solingen Karneval op"]
[Site "Solingen"]
[Date "2016.02.06"]
[Round "3"]
[White "Goerke, Joachim"]
[Black "Vehmeyer, Thomas"]
[Result "1-0"]
[WhiteElo "2127"]
[BlackElo "1854"]
[PlyCount "59"]
[EventDate "2016.02.05"]
[EventType "swiss"]
[EventRounds "5"]
[EventCountry "GER"]
[SourceTitle "EXT 2018"]
[Source "ChessBase"]
[SourceDate "2017.10.13"]
[SourceVersion "1"]
[SourceVersionDate "2017.10.13"]
[SourceQuality "1"]

1. d4 d5 2. Nf3 Nc6 3. Bf4 Nf6 4. e3 e6 5. c3 Bd6 6. Ne5 Ne7 7. Bd3 Ng6 8. Bg3 0-0 9. Nd2 c6 10. h4 Qc7 11. f4 Ne7 12. h5 h6 13. Bh4 Ne8 14. g4 f6 15. Ng6 Nxg6 16. hxg6 e5 17. g5 fxg5 18. Bxg5 exf4 19. Qh5 Nf6 20. Bxf6 Rxf6 21. e4 dxe4 22. Nxe4 Qe7 23. 0-0-0 Re6 24. Bc4 Bd7 25. Rhe1 Kf8 26. Bxe6 Qxe6 27. Nxd6 Qxd6 28. Qe5 Qxe5 29. dxe5 Bg4 30. Rd4 1-0

[Event "Dortmund Sparkassen op-B"]
[Site "Dortmund"]
[Date "2015.07.04"]
[Round "8"]
[White "Terhuven, Patrick"]
[Black "Goerke, Joachim"]
[Result "1/2-1/2"]
[WhiteElo "1968"]
[BlackElo "1986"]
[PlyCount "84"]
[EventDate "2015.06.27"]
[EventType "swiss"]
[EventRounds "9"]
[EventCountry "GER"]
[SourceTitle "CBM 167 Extra"]
[Source "ChessBase"]
[SourceDate "2015.09.14"]
[SourceVersion "1"]
[SourceVersionDate "2015.09.14"]
[SourceQuality "1"]

1. d4 e6 2. Nf3 f5 3. c4 d5 4. g3 Nf6 5. Bg2 c6 6. 0-0 Bd6 7. b3 Qe7 8. Bb2 0-0 9. Qc1 Ne4 10. Ba3 Bxa3 11. Qxa3 Qxa3 12. Nxa3 a5 13. Rfc1 Na6 14. Nc2 dxc4 15. bxc4 b5 16. cxb5 cxb5 17. Ng5 Bb7 18. Bxe4 fxe4 19. Nxe6 Rf6 20. Nf4 g5 21. Nh5 Rf7 22. Ne3 Re8 23. Ng4 Rd7 24. e3 Rc8 25. Rxc8+ Bxc8 26. Ne5 Rd6 27. g4 b4 28. f3 exf3 29. e4 a4 30. Ng3 Rb6 31. Kf2 b3 32. axb3 axb3 33. Kxf3 b2 34. Rb1 Rb3+ 35. Ke2 Nb4 36. Kd2 Ba6 37. d5 Bd3 38. Nxd3 Rxd3+ 39. Ke2 Rb3 40. Kd2 Rd3+ 41. Ke2 Rb3 42. Kd2 Rd3+ 1/2-1/2

[Event "Dortmund Sparkassen op-B"]
[Site "Dortmund"]
[Date "2015.07.03"]
[Round "7"]
[White "Goerke, Joachim"]
[Black "Koellner, Christoph"]
[Result "0-1"]
[WhiteElo "1986"]
[BlackElo "1960"]
[PlyCount "106"]
[EventDate "2015.06.27"]
[EventType "swiss"]
[EventRounds "9"]
[EventCountry "GER"]
[SourceTitle "CBM 167 Extra"]
[Source "ChessBase"]
[SourceDate "2015.09.14"]
[SourceVersion "1"]
[SourceVersionDate "2015.09.14"]
[SourceQuality "1"]

1. d4 Nf6 2. Nf3 e6 3. c4 b6 4. g3 Bb7 5. Bg2 Bb4+ 6. Bd2 Qe7 7. 0-0 Bxd2 8. Nfxd2 Bxg2 9. Kxg2 c5 10. e4 d6 11. Qf3 e5 12. d5 0-0 13. Nc3 Nbd7 14. g4 Ne8 15. Nd1 g6 16. Ne3 Ng7 17. Rg1 Qh4 18. Kh1 h6 19. Rg3 Qf6 20. Qe2 Rfb8 21. a4 a6 22. Ra3 Ra7 23. Ng2 Rab7 24. Raf3 Qg5 25. Rb3 Ne8 26. Nf3 Qc1+ 27. Ng1 Qg5 28. Rbc3 b5 29. cxb5 axb5 30. a5 b4 31. Rc4 Ra7 32. Nf3 Qf6 33. h4 Rxa5 34. Rc1 Nc7 35. g5 Qg7 36. h5 hxg5 37. Nxg5 Qh6 38. f4 Nf6 39. Kg1 Nxh5 40. Rg4 exf4 41. Qf3 f6 42. Nh3 Rba8 43. Rc2 Nb5 44. Ngxf4 Nxf4 45. Qxf4 Ra1+ 46. Kg2 g5 47. Rf2 Rf8 48. Qh2 Kg7 49. Rf5 Rh8 50. Qg3 Nd4 51. Rfxg5+ fxg5 52. Rxg5+ Kf8 53. Qf4+ Ke7 0-1

[Event "Dortmund Sparkassen op-B"]
[Site "Dortmund"]
[Date "2015.06.28"]
[Round "2"]
[White "Goerke, Joachim"]
[Black "Kueppers, Timo"]
[Result "1-0"]
[WhiteElo "1986"]
[BlackElo "1733"]
[PlyCount "55"]
[EventDate "2015.06.27"]
[EventType "swiss"]
[EventRounds "9"]
[EventCountry "GER"]
[SourceTitle "CBM 167 Extra"]
[Source "ChessBase"]
[SourceDate "2015.09.14"]
[SourceVersion "1"]
[SourceVersionDate "2015.09.14"]
[SourceQuality "1"]

1. c4 c5 2. Nc3 Nc6 3. g3 g6 4. Bg2 Bg7 5. e4 d6 6. f4 Nf6 7. h3 h5 8. Nf3 e5 9. d3 a6 10. 0-0 Bd7 11. fxe5 dxe5 12. Bg5 Bh6 13. Bxh6 Rxh6 14. Ng5 Nd4 15. Qd2 Rh7 16. Rxf6 Qxf6 17. Nd5 Qd6 18. Nxh7 0-0-0 19. Nhf6 Be6 20. Rb1 Bxd5 21. Nxd5 f5 22. b4 f4 23. Kh2 fxg3+ 24. Kxg3 h4+ 25. Kh2 Rf8 26. bxc5 Qe6 27. Qa5 Qf7 28. Rf1 1-0

[Event "Niederrhein-ch"]
[Site "Solingen"]
[Date "2015.03.29"]
[Round "2"]
[White "Goerke, Joachim"]
[Black "Walter, Andreas"]
[Result "0-1"]
[WhiteElo "2097"]
[BlackElo "2095"]
[PlyCount "102"]
[EventDate "2015.03.28"]
[EventType "swiss"]
[EventRounds "7"]
[EventCountry "GER"]
[SourceTitle "EXT 2016"]
[Source "ChessBase"]
[SourceDate "2015.10.08"]
[SourceVersion "1"]
[SourceVersionDate "2015.10.08"]
[SourceQuality "1"]

1. e4 c5 2. Nf3 d6 3. Bb5+ Nd7 4. c4 Ngf6 5. Nc3 e6 6. 0-0 Be7 7. d4 cxd4 8. Qxd4 0-0 9. Bxd7 Bxd7 10. Bg5 Bc6 11. Rfd1 Ne8 12. Bxe7 Qxe7 13. b4 b6 14. b5 Bb7 15. Rac1 Rc8 16. Rd3 e5 17. Qe3 Rxc4 18. Nd2 Rc7 19. Nb3 Nf6 20. Rcd1 Rd8 21. Nd5 Bxd5 22. exd5 Rdc8 23. f3 Qd7 24. a4 Rc4 25. Ra1 Qb7 26. Nd2 Rc1+ 27. Rxc1 Rxc1+ 28. Kf2 Qc7 29. g4 Qc5 30. Nb3 Rc2+ 31. Nd2 Kf8 32. g5 Nd7 33. Ke2 Qxe3+ 34. Rxe3 Nc5 35. Ra3 Nb7 36. Kd1 Rc5 37. Rd3 Ke7 38. Ke2 f5 39. gxf6+ gxf6 40. f4 f5 41. Rh3 Nd8 42. Rxh7+ Nf7 43. fxe5 dxe5 44. Nf3 Kf6 45. Nh4 Rc2+ 46. Kf1 Rxh2 47. Rh5 Nd6 48. Rh6+ Kg5 49. Rxd6 Rxh4 50. Re6 Rxa4 51. Rxe5 Rd4 0-1

[Event "Solingen Karneval op"]
[Site "Solingen"]
[Date "2015.02.15"]
[Round "4"]
[White "Goerke, Joachim"]
[Black "Grosse Hering, Peter"]
[Result "0-1"]
[WhiteElo "2124"]
[BlackElo "1944"]
[PlyCount "64"]
[EventDate "2015.02.13"]
[EventType "swiss"]
[EventRounds "5"]
[EventCountry "GER"]
[SourceTitle "EXT 2016"]
[Source "ChessBase"]
[SourceDate "2015.10.08"]
[SourceVersion "1"]
[SourceVersionDate "2015.10.08"]
[SourceQuality "1"]

1. d4 Nf6 2. c4 g6 3. Nc3 Bg7 4. e4 d6 5. f3 0-0 6. Be3 Nc6 7. Qd2 a6 8. Bd3 e5 9. d5 Nd4 10. Nce2 Nd7 11. h4 h5 12. 0-0-0 c5 13. g4 Nf6 14. Bg5 b5 15. gxh5 bxc4 16. Bxc4 Rb8 17. Nxd4 exd4 18. hxg6 Rb4 19. b3 Qa5 20. Bxf6 Bxf6 21. gxf7+ Rxf7 22. Nh3 Rxc4+ 23. bxc4 Qa3+ 24. Qb2 Qe3+ 25. Qd2 Qa3+ 26. Qb2 Qe3+ 27. Rd2 Rb7 28. Qc2 Qa3+ 29. Kd1 Qxf3+ 30. Kc1 Qxh1+ 31. Rd1 Qxh3 32. Rg1+ Kf7 0-1

[Event "Niederrhein-ch"]
[Site "Solingen"]
[Date "2014.04.16"]
[Round "5"]
[White "Goerke, Joachim"]
[Black "Ruprecht, Thomas"]
[Result "0-1"]
[WhiteElo "2090"]
[BlackElo "2034"]
[PlyCount "122"]
[EventDate "2014.04.12"]
[EventType "swiss"]
[EventRounds "7"]
[EventCountry "GER"]
[SourceTitle "EXT 2016"]
[Source "ChessBase"]
[SourceDate "2015.10.08"]
[SourceVersion "1"]
[SourceVersionDate "2015.10.08"]
[SourceQuality "1"]

1. d4 f5 2. c4 Nf6 3. Nc3 g6 4. Bg5 Bg7 5. f3 d6 6. Qd2 Nc6 7. 0-0-0 h6 8. Bh4 g5 9. Bf2 e5 10. d5 Ne7 11. e4 fxe4 12. h4 exf3 13. hxg5 Ng4 14. Nxf3 Ng6 15. Bd3 Nf4 16. Bh4 h5 17. Rde1 0-0 18. Bc2 Bf5 19. Ne4 Qd7 20. g3 Ng6 21. Nf6+ Rxf6 22. gxf6 Bxf6 23. Bxf6 Nxf6 24. Qg5 Bxc2 25. Kxc2 Qg7 26. Nh4 Ne7 27. Nf3 Ng6 28. Nh4 Ne7 29. Qxg7+ Kxg7 30. Rhf1 Rf8 31. Nf5+ Kf7 32. Re3 Neg8 33. Ref3 Kg6 34. Nh4+ Kg7 35. Rf5 Ne7 36. R5f2 Neg8 37. b4 Re8 38. Kb3 e4 39. Nf5+ Kg6 40. Nd4 Re5 41. Ne6 c6 42. Nf4+ Kg5 43. Ne6+ Kg6 44. dxc6 bxc6 45. Nd8 e3 46. Re2 Ne7 47. Rf3 Ng4 48. a4 a6 49. Rf7 Nf5 50. Rxf5 Kxf5 51. Nxc6 Re8 52. b5 Ke4 53. Kc3 Ne5 54. Rh2 Nxc6 55. bxc6 Kf3 56. Rh1 Kg2 57. Rb1 Kf2 58. c7 Rc8 59. Rb2+ Kf3 60. Rb7 e2 61. Kd2 Kf2 0-1

[Event "Solingen-ch"]
[Site "Solingen"]
[Date "2013.10.18"]
[Round "4"]
[White "Goerke, Joachim"]
[Black "Grah, Ulrich"]
[Result "1-0"]
[WhiteElo "2094"]
[BlackElo "1809"]
[PlyCount "77"]
[EventDate "2013.09.13"]
[EventType "swiss"]
[EventRounds "7"]
[EventCountry "GER"]
[SourceTitle "EXT 2015"]
[Source "ChessBase"]
[SourceDate "2014.11.20"]
[SourceVersion "1"]
[SourceVersionDate "2014.11.20"]
[SourceQuality "1"]

1. e4 c5 2. Nf3 Nc6 3. d4 cxd4 4. Nxd4 g6 5. Nc3 Bg7 6. Be3 Nf6 7. Nxc6 bxc6 8. e5 Nd5 9. Nxd5 cxd5 10. Qxd5 Rb8 11. Bc4 0-0 12. f4 Bb7 13. Qd2 Qc7 14. Bb3 Bc6 15. 0-0 a5 16. c3 a4 17. Bd1 f6 18. exf6 Bxf6 19. Rc1 Qb7 20. b3 Bg7 21. bxa4 Rf5 22. Bc2 Rh5 23. Rb1 Qc7 24. Rxb8+ Qxb8 25. Rb1 Qa8 26. Rb4 Bf8 27. f5 Qa6 28. fxg6 hxg6 29. Bd3 Qa5 30. Bxg6 Rd5 31. Bd3 e6 32. Rg4+ Kf7 33. Qf2+ Ke7 34. Rg8 Qa8 35. Bc5+ d6 36. Qh4+ Kd7 37. Qh7+ Be7 38. Rxa8 Bxa8 39. Bd4 1-0

[Event "NRW Class2 1314"]
[Site "Germany"]
[Date "2013.10.06"]
[Round "2.8"]
[White "Goerke, Joachim"]
[Black "Klemme, Thomas"]
[Result "1-0"]
[WhiteElo "1965"]
[BlackElo "1860"]
[PlyCount "129"]
[EventDate "2013.09.15"]
[EventType "team-tourn"]
[EventRounds "9"]
[EventCountry "GER"]
[SourceTitle "EXT 2015"]
[Source "ChessBase"]
[SourceDate "2014.11.20"]
[SourceVersion "1"]
[SourceVersionDate "2014.11.20"]
[SourceQuality "1"]
[WhiteTeam "Solingen III"]
[BlackTeam "Herford"]
[WhiteTeamCountry "GER"]
[BlackTeamCountry "GER"]

1. d4 Nf6 2. Nf3 e6 3. c4 b6 4. Nc3 Bb4 5. Qc2 Bb7 6. a3 Bxc3+ 7. Qxc3 Ne4 8. Qc2 f5 9. g3 0-0 10. Bg2 Nf6 11. 0-0 Be4 12. Qc3 d6 13. b4 Nbd7 14. a4 a5 15. b5 Qe7 16. Ba3 Rfc8 17. Rfc1 c5 18. bxc6 Bxc6 19. Ne5 Bxg2 20. Nxd7 Qxd7 21. Kxg2 Qxa4 22. f3 Qc6 23. Qe3 Re8 24. Rab1 Rab8 25. Rb5 Kf7 26. Qb3 Nd7 27. d5 exd5 28. cxd5 Qb7 29. Bxd6 Rbc8 30. Bc7 g6 31. Rc6 Rxe2+ 32. Kh3 Rce8 33. Bf4 Rc8 34. Qc4 Ree8 35. d6+ Kg7 36. Qd4+ Kf7 37. Qd5+ Kg7 38. Rc7 Rxc7 39. dxc7 Qc8 40. Qd4+ Kf7 41. Rd5 Re7 42. Qc4 Kg7 43. Bd6 Rf7 44. Qc3+ Kg8 45. Ba3 f4 46. Kg2 h6 47. Bb2 Kh7 48. Qh8+ Qxh8 49. Bxh8 Nf6 50. c8Q Nxd5 51. Bd4 Nf6 52. Qe6 Kg7 53. gxf4 b5 54. Qb6 a4 55. Qxb5 a3 56. Qa6 Rf8 57. Be5 Rf7 58. Kf2 Rf8 59. Ke2 Rf7 60. Kd2 Rf8 61. Kc2 a2 62. Kb2 a1Q+ 63. Kxa1 Rf7 64. Qe6 Rf8 65. Qe7+ 1-0

[Event "Niederrhein-ch"]
[Site "Krefeld"]
[Date "2013.03.28"]
[Round "6"]
[White "Goerke, Joachim"]
[Black "Heinert, Eugen"]
[Result "0-1"]
[WhiteElo "1964"]
[BlackElo "2050"]
[PlyCount "82"]
[EventDate "2013.03.23"]
[EventType "swiss"]
[EventRounds "7"]
[EventCountry "GER"]
[SourceTitle "EXT 2015"]
[Source "ChessBase"]
[SourceDate "2014.11.20"]
[SourceVersion "1"]
[SourceVersionDate "2014.11.20"]
[SourceQuality "1"]

1. d4 d5 2. c4 c6 3. cxd5 cxd5 4. Nc3 Nc6 5. Nf3 Nf6 6. Bf4 a6 7. e3 Bg4 8. Bd3 e6 9. Rc1 Be7 10. 0-0 0-0 11. a3 Nh5 12. h3 Nxf4 13. hxg4 Nxd3 14. Qxd3 Na5 15. e4 dxe4 16. Qxe4 b5 17. Ne5 Rc8 18. Ne2 Qd6 19. Rxc8 Rxc8 20. Rc1 Rxc1+ 21. Nxc1 Qd5 22. Qf4 f6 23. Nf3 Bd6 24. Qd2 Nc4 25. Qc2 a5 26. Ne2 a4 27. Nc3 Qc6 28. Ne4 Bc7 29. g5 f5 30. Nc5 Bb6 31. Nd3 Ne5 32. Nde1 Nxf3+ 33. gxf3 Qxc2 34. Nxc2 Bd8 35. f4 Bc7 36. d5 exd5 37. Ne3 Bxf4 38. Nxd5 Be5 39. Ne7+ Kf8 40. Nxf5 Bxb2 41. Nd6 b4 0-1

[Event "Solingen Karneval op"]
[Site "Solingen"]
[Date "2013.02.10"]
[Round "5"]
[White "Schlenter, Ruediger"]
[Black "Goerke, Joachim"]
[Result "1/2-1/2"]
[WhiteElo "1928"]
[BlackElo "2129"]
[PlyCount "59"]
[EventDate "2013.02.08"]
[EventType "swiss"]
[EventRounds "5"]
[EventCountry "GER"]
[SourceTitle "EXT 2015"]
[Source "ChessBase"]
[SourceDate "2014.11.20"]
[SourceVersion "1"]
[SourceVersionDate "2014.11.20"]
[SourceQuality "1"]

1. Nf3 d5 2. g3 Nf6 3. Bg2 c5 4. 0-0 Nc6 5. c4 e6 6. d3 Be7 7. b3 0-0 8. Bb2 d4 9. a3 e5 10. Nbd2 h6 11. Ne1 Bf5 12. Ne4 Qd7 13. Nxf6+ Bxf6 14. Nc2 a5 15. Re1 Rad8 16. Bc1 e4 17. Rb1 Rfe8 18. Rf1 exd3 19. exd3 Ne5 20. Ne1 b5 21. Bd5 Qc8 22. Bf4 Ng6 23. Ng2 Nxf4 24. Nxf4 Bg5 25. Ng2 Rxd5 26. cxd5 c4 27. h4 Bf6 28. bxc4 bxc4 29. Ne1 Bh3 30. Ng2 1/2-1/2

[Event "Solingen Karneval op"]
[Site "Solingen"]
[Date "2013.02.09"]
[Round "3"]
[White "Zolfagharian, Kevin"]
[Black "Goerke, Joachim"]
[Result "1-0"]
[WhiteElo "1991"]
[BlackElo "2129"]
[PlyCount "43"]
[EventDate "2013.02.08"]
[EventType "swiss"]
[EventRounds "5"]
[EventCountry "GER"]
[SourceTitle "EXT 2015"]
[Source "ChessBase"]
[SourceDate "2014.11.20"]
[SourceVersion "1"]
[SourceVersionDate "2014.11.20"]
[SourceQuality "1"]

1. e4 e6 2. Nf3 d5 3. Nc3 Nf6 4. e5 Nfd7 5. d4 c5 6. Bg5 f6 7. exf6 gxf6 8. Bf4 a6 9. Qe2 Qe7 10. dxc5 Nxc5 11. 0-0-0 Nc6 12. g4 b5 13. g5 f5 14. Ne5 Bb7 15. Qh5+ Kd8 16. Nf7+ Kd7 17. Nxd5 exd5 18. Rxd5+ Ke6 19. Rd6+ Qxd6 20. Nxd6 Ne5 21. Nxb7 Nxb7 22. Bg2 1-0